Dư vị trà chiều Tiểu thuyết

Spremljeno u:
Bibliografski detalji
Glavni autor: Minh, Hiểu Khê
Daljnji autori: Mai Quyên
Format: Knjiga
Jezik:Undetermined
Izdano: H. Lao động 2010
Teme:
Online pristup:http://lrc.tdmu.edu.vn/opac/search/detail.asp?aID=2&ID=14896
Oznake: Dodaj oznaku
Bez oznaka, Budi prvi tko označuje ovaj zapis!
Thư viện lưu trữ: Trung tâm Học liệu Trường Đại học Thủ Dầu Một
LEADER 00704nam a2200217Ia 4500
001 TDMU_14896
008 210410s9999 xx 000 0 und d
082 |a 895.13 
090 |b M312 
100 |a Minh, Hiểu Khê 
245 0 |a Dư vị trà chiều 
245 0 |b Tiểu thuyết 
245 0 |c Minh Hiểu Khê; Mai Quyên (d.) 
260 |a H. 
260 |b Lao động 
260 |c 2010 
300 |a 315tr. 
650 |a Văn học Trung Quốc  |x Tiểu thuyết; Tiểu thuyết Trung Quốc 
700 |a Mai Quyên 
856 |u http://lrc.tdmu.edu.vn/opac/search/detail.asp?aID=2&ID=14896 
980 |a Trung tâm Học liệu Trường Đại học Thủ Dầu Một